000 00828nam a22002537a 4500
005 20250416224634.0
008 241125b |||||||| |||| 00| 0 eng d
017 _aLD.4410
018 _a2024
020 _a9789788546276
040 _aNLN
_bEnglish
_eAACR2
050 _aDT515.83
_b.A315 A3 2023
082 _a925
100 _aAKPAM, Monica Member
_eaut
_961375
245 _aGod's maiden :
_bMy life story /
_c Monica Member Akpam
260 _aBenue State (P.O.Box 161, High Level Plot 6875 David Mark by-Pass) :
_bAboki Publishers,
_c2023
300 _axiv, 53p. ;
_b21cm.
563 _a(pbk.)
650 _aApkam, Monica Member, 1983-
_961376
650 _aNurses
_vNigeria
_xAutobiography
_961377
650 _aSisterhoods
_vNigeria
_961378
650 _aSisterhood of Congregation of sisters
_961379
942 _cBK
_n0
999 _c31480
_d31480